[Event "San Francisco Benson Memorial"]
[Site "San Francisco"]
[Date "2016.08.16"]
[Round "3"]
[White "Hua, Arnold"]
[Black "Traub, Igor Vladimirovich"]
[Result "0-1"]
[WhiteElo "1965"]
[BlackElo "2136"]
[PlyCount "43"]
[EventDate "2016.08.02"]
[EventType "swiss"]
[EventRounds "9"]
[EventCountry "USA"]
[SourceTitle "EXT 2018"]
[Source "ChessBase"]
[SourceDate "2017.10.13"]
[SourceVersion "1"]
[SourceVersionDate "2017.10.13"]
[SourceQuality "1"]

1. e4 c6 2. d3 d5 3. Nd2 e5 4. Ngf3 Bd6 5. Be2 Nf6 6. 0-0 a5 7. Re1 a4 8. a3 0-0 9. c3 Qc7 10. Qc2 Re8 11. Nf1 Nbd7 12. Ng3 g6 13. Bg5 Kg7 14. Qc1 Ng8 15. h4 Nc5 16. Qe3 f6 17. h5 fxg5 18. hxg6 hxg6 19. Qxg5 Qe7 20. Nh5+ Kh7 21. Qg3 gxh5 22. Ng5+ 0-1

[Event "San Francisco TNM Summer op"]
[Site "San Francisco"]
[Date "2016.07.05"]
[Round "7"]
[White "Gaffagan, Steven"]
[Black "Hua, Arnold"]
[Result "1-0"]
[WhiteElo "2073"]
[BlackElo "1954"]
[PlyCount "43"]
[EventDate "2016.05.24"]
[EventType "swiss"]
[EventRounds "8"]
[EventCountry "USA"]
[SourceTitle "EXT 2018"]
[Source "ChessBase"]
[SourceDate "2017.10.13"]
[SourceVersion "1"]
[SourceVersionDate "2017.10.13"]
[SourceQuality "1"]

1. e4 d5 2. exd5 Nf6 3. d4 Nxd5 4. Nf3 e6 5. c4 Nf6 6. Nc3 Be7 7. g3 b6 8. Bg2 Bb7 9. 0-0 0-0 10. Ne5 Bxg2 11. Kxg2 Re8 12. Qf3 c6 13. Rd1 Qc8 14. h4 a6 15. h5 h6 16. g4 Bd6 17. Bxh6 Ra7 18. Bf4 Bf8 19. g5 Nh7 20. g6 fxg6 21. hxg6 Nf6 22. Rh1 1-0

[Event "San Francisco TNM Summer op"]
[Site "San Francisco"]
[Date "2016.06.21"]
[Round "5"]
[White "Ayinala, Shree"]
[Black "Hua, Arnold"]
[Result "0-1"]
[WhiteElo "1758"]
[BlackElo "1954"]
[PlyCount "90"]
[EventDate "2016.05.24"]
[EventType "swiss"]
[EventRounds "8"]
[EventCountry "USA"]
[SourceTitle "EXT 2018"]
[Source "ChessBase"]
[SourceDate "2017.10.13"]
[SourceVersion "1"]
[SourceVersionDate "2017.10.13"]
[SourceQuality "1"]

1. c4 e5 2. Nc3 d6 3. g3 Nf6 4. Bg2 Be7 5. e3 0-0 6. Nge2 Nbd7 7. 0-0 c6 8. d4 Qc7 9. d5 a6 10. b3 Re8 11. f4 exf4 12. exf4 Nf8 13. h3 Ng6 14. Kh2 Bf8 15. Bb2 Bd7 16. Qd2 c5 17. Nc1 Bf5 18. g4 Bxg4 19. hxg4 Nxg4+ 20. Kg1 Ne3 21. Nd3 Nxf1 22. Rxf1 Nh4 23. Qf2 Nxg2 24. Qxg2 Re3 25. Nf2 f5 26. Kh1 Qe7 27. Qg1 Qf7 28. Ncd1 Qh5+ 29. Qh2 Qf3+ 30. Qg2 Qxg2+ 31. Kxg2 Re2 32. Kf3 Rae8 33. Nd3 Rd2 34. N3f2 g6 35. Nh3 h6 36. Nhf2 Bg7 37. Bxg7 Kxg7 38. Nc3 g5 39. Rg1 g4+ 40. Kg2 Rc2 41. Ncd1 Rxa2 42. Kf1 h5 43. Rg3 Kf6 44. Rg2 Ra1 45. Kg1 h4 0-1

[Event "San Francisco TNM Summer op"]
[Site "San Francisco"]
[Date "2014.07.08"]
[Round "7"]
[White "Watson, Farid"]
[Black "Hua, Arnold"]
[Result "1-0"]
[WhiteElo "2027"]
[BlackElo "1989"]
[PlyCount "59"]
[EventDate "2013.05.28"]
[EventType "swiss"]
[EventRounds "8"]
[EventCountry "USA"]
[SourceTitle "EXT 2016"]
[Source "ChessBase"]
[SourceDate "2015.10.08"]
[SourceVersion "1"]
[SourceVersionDate "2015.10.08"]
[SourceQuality "1"]

1. e4 c5 2. Nf3 d6 3. d4 cxd4 4. Nxd4 Nf6 5. Nc3 a6 6. Bc4 e6 7. Bb3 Be7 8. f4 b5 9. e5 dxe5 10. fxe5 Nfd7 11. Bxe6 Nxe5 12. Bxc8 Qxc8 13. Nd5 Bc5 14. Bf4 0-0 15. b4 Bd6 16. 0-0 Qd8 17. Nf5 Nbc6 18. Rb1 g6 19. Nh6+ Kg7 20. Rb3 Nc4 21. Bc1 Be5 22. Rd3 Qd6 23. Ng4 Rfd8 24. Bh6+ Kh8 25. Rxf7 Qe6 26. Rf1 Nb2 27. Qf3 Nxd3 28. cxd3 Qxd5 29. Nxe5 Nxe5 30. Qf6+ 1-0

[Event "San Francisco TNM Summer op"]
[Site "San Francisco"]
[Date "2013.06.25"]
[Round "5"]
[White "Thornally, Frank"]
[Black "Hua, Arnold"]
[Result "1/2-1/2"]
[WhiteElo "2218"]
[BlackElo "1989"]
[PlyCount "33"]
[EventDate "2013.05.28"]
[EventType "swiss"]
[EventRounds "8"]
[EventCountry "USA"]
[SourceTitle "EXT 2016"]
[Source "ChessBase"]
[SourceDate "2015.10.08"]
[SourceVersion "1"]
[SourceVersionDate "2015.10.08"]
[SourceQuality "1"]

1. e4 c5 2. Nf3 d6 3. d4 cxd4 4. Nxd4 Nf6 5. Nc3 a6 6. Be2 e5 7. Nb3 Be7 8. Be3 0-0 9. g4 Be6 10. g5 Nfd7 11. Qd2 b5 12. 0-0-0 Nc5 13. Nxc5 dxc5 14. Qxd8 Rxd8 15. Rxd8+ Bxd8 16. Rd1 Nc6 17. a4 1/2-1/2

[Event "San Francisco TNM Summer op"]
[Site "San Francisco"]
[Date "2013.06.11"]
[Round "3"]
[White "Hua, Arnold"]
[Black "Fuentes, Romulo C"]
[Result "1/2-1/2"]
[WhiteElo "1989"]
[BlackElo "2219"]
[PlyCount "93"]
[EventDate "2013.05.28"]
[EventType "swiss"]
[EventRounds "8"]
[EventCountry "USA"]
[SourceTitle "EXT 2016"]
[Source "ChessBase"]
[SourceDate "2015.10.08"]
[SourceVersion "1"]
[SourceVersionDate "2015.10.08"]
[SourceQuality "1"]

1. e4 c5 2. Nf3 d6 3. d4 cxd4 4. Nxd4 Nf6 5. Nc3 a6 6. Be2 e5 7. Nb3 Be6 8. 0-0 Nbd7 9. a4 Rc8 10. Be3 Be7 11. f4 0-0 12. a5 Bc4 13. Ra4 b5 14. axb6 Nxb6 15. Rb4 Nfd7 16. Nd5 Nxd5 17. exd5 Bxe2 18. Qxe2 exf4 19. Bxf4 Ne5 20. c3 a5 21. Rb5 a4 22. Nd4 a3 23. Bxe5 dxe5 24. Nc6 Qd6 25. bxa3 Qxa3 26. Qxe5 Bd6 27. Qd4 Rce8 28. c4 Re2 29. Ra1 Ra2 30. Rxa2 Qxa2 31. c5 Re8 32. Qd1 Qc4 33. cxd6 Qxb5 34. d7 Qb6+ 35. Kf1 Ra8 36. d8Q+ Rxd8 37. Nxd8 Qxd8 38. Qd3 Qd6 39. g3 g6 40. Ke2 Kf8 41. Qe4 h5 42. Ke3 f5 43. Qd4 Kf7 44. Kf3 Ke7 45. Ke3 Qa3+ 46. Kf4 Qc1+ 47. Qe3+ 1/2-1/2

[Event "San Francisco TNM Winter op"]
[Site "San Francisco"]
[Date "2013.02.05"]
[Round "5"]
[White "Nagarajan, Pranav"]
[Black "Hua, Arnold"]
[Result "1-0"]
[WhiteElo "2036"]
[BlackElo "2005"]
[PlyCount "73"]
[EventDate "2013.01.08"]
[EventType "swiss"]
[EventRounds "8"]
[EventCountry "USA"]
[SourceTitle "EXT 2016"]
[Source "ChessBase"]
[SourceDate "2015.10.08"]
[SourceVersion "1"]
[SourceVersionDate "2015.10.08"]
[SourceQuality "1"]

1. d4 d5 2. c4 dxc4 3. e4 Nf6 4. e5 Nd5 5. Bxc4 Nb6 6. Bb3 Nc6 7. Nf3 Bf5 8. e6 fxe6 9. Be3 Qd6 10. Nc3 Nd5 11. Nh4 Nf6 12. d5 Nd8 13. h3 h6 14. 0-0 c6 15. Nxf5 exf5 16. Qf3 g6 17. dxc6 bxc6 18. Nb5 Qe5 19. Nxa7 Qc7 20. Nb5 Qe5 21. Nd4 Rc8 22. Ba4 Ne4 23. Rac1 Qf6 24. Nb5 Kf7 25. Bb3+ Kg7 26. Nc3 Nd6 27. Na4 e5 28. Nb6 Rc7 29. Nd5 Qf7 30. Nxc7 Qxc7 31. Ba4 Ne4 32. Qe2 c5 33. b4 Qa7 34. Qb5 Nd6 35. Bxc5 Qa8 36. Qd7+ N6f7 37. Bb3 1-0

[Event "San Francisco TNM Winter op"]
[Site "San Francisco"]
[Date "2013.01.22"]
[Round "3"]
[White "Byambaa, Uyanga"]
[Black "Hua, Arnold"]
[Result "1-0"]
[WhiteElo "2094"]
[BlackElo "2005"]
[PlyCount "59"]
[EventDate "2013.01.08"]
[EventType "swiss"]
[EventRounds "8"]
[EventCountry "USA"]
[SourceTitle "EXT 2016"]
[Source "ChessBase"]
[SourceDate "2015.10.08"]
[SourceVersion "1"]
[SourceVersionDate "2015.10.08"]
[SourceQuality "1"]

1. e4 e5 2. Nf3 Nc6 3. Bc4 Nf6 4. Ng5 d5 5. exd5 Nd4 6. c3 b5 7. cxd4 bxc4 8. dxe5 Nxd5 9. Qf3 Qxg5 10. Qxd5 Rb8 11. Nc3 Bb7 12. d4 Qg6 13. Qb5+ c6 14. Qxc4 Qxg2 15. Qf1 Qf3 16. Rg1 Bb4 17. Rg3 Qe4+ 18. Be3 c5 19. Qb5+ Kf8 20. Qxc5+ Kg8 21. 0-0-0 Bxc3 22. Rxg7+ Kxg7 23. Rg1+ Qg6 24. Rxg6+ hxg6 25. bxc3 Be4 26. e6 Rh5 27. Bg5 Rb1+ 28. Kd2 f5 29. Qe7+ Kg8 30. Qf7+ 1-0

[Event "San Francisco TNM Spring op"]
[Site "San Francisco"]
[Date "2011.05.03"]
[Round "8"]
[White "Margulis, Igor"]
[Black "Hua, Arnold"]
[Result "0-1"]
[WhiteElo "2100"]
[BlackElo "1845"]
[PlyCount "84"]
[EventDate "2011.03.15"]
[EventType "swiss"]
[EventRounds "8"]
[EventCountry "USA"]
[SourceTitle "EXT 2012"]
[Source "ChessBase"]
[SourceDate "2011.11.24"]
[SourceVersion "1"]
[SourceVersionDate "2011.11.24"]
[SourceQuality "1"]

1. e4 e5 2. Bc4 Nf6 3. d4 exd4 4. Nf3 Nc6 5. e5 d5 6. Bb5 Ne4 7. 0-0 Bg4 8. h3 Bxf3 9. Qxf3 Bc5 10. Nd2 Nxd2 11. Bxd2 0-0 12. Qg3 Ne7 13. Bd3 Ng6 14. f4 f5 15. Rae1 Bb6 16. Qf3 c5 17. b3 Rc8 18. g4 Nh4 19. Qg3 c4 20. e6 Qe7 21. Bxf5 Nxf5 22. gxf5 c3 23. Bc1 d3+ 24. Be3 d4 25. Bf2 Rxf5 26. cxd3 Qf6 27. Re4 Re8 28. Rfe1 Kh8 29. Qg4 g5 30. Bg3 gxf4 31. Bxf4 Rg8 32. Be5 Rxe5 33. Rxe5 Bd8 34. e7 Bxe7 35. Rxe7 Rxg4+ 36. hxg4 Qf3 37. Re8+ Kg7 38. R8e7+ Kh6 39. R1e6+ Kg5 40. Re5+ Kh4 41. Re2 Kg3 42. R7e4 c2 0-1

[Event "San Francisco TNM Spring op"]
[Site "San Francisco"]
[Date "2011.03.29"]
[Round "3"]
[White "Hua, Arnold"]
[Black "Rumph, Todd"]
[Result "1-0"]
[WhiteElo "1845"]
[BlackElo "2161"]
[PlyCount "95"]
[EventDate "2011.03.15"]
[EventType "swiss"]
[EventRounds "8"]
[EventCountry "USA"]
[SourceTitle "EXT 2012"]
[Source "ChessBase"]
[SourceDate "2011.11.24"]
[SourceVersion "1"]
[SourceVersionDate "2011.11.24"]
[SourceQuality "1"]

1. e4 e5 2. Nf3 Nc6 3. Bb5 a6 4. Ba4 d6 5. Bxc6+ bxc6 6. d4 f6 7. h3 Be6 8. Nc3 Ne7 9. dxe5 fxe5 10. Ng5 Bg8 11. Qg4 Qd7 12. Qxd7+ Kxd7 13. 0-0 h6 14. Nf3 g5 15. Be3 Ng6 16. Rad1 Be6 17. g4 Be7 18. Rfe1 Raf8 19. Kg2 Rf7 20. Ne2 Rhf8 21. Neg1 h5 22. gxh5 Nh4+ 23. Nxh4 gxh4 24. h6 Rg8+ 25. Kh2 Bg5 26. Rd2 Kc8 27. b3 Bf4+ 28. Bxf4 Rxf4 29. f3 Rh8 30. Rg2 Rxh6 31. Rg7 Rf7 32. Rxf7 Bxf7 33. Re2 Bh5 34. Kg2 Kb7 35. Kf1 Rf6 36. Rf2 Kb6 37. Ke2 d5 38. Ke3 Kc5 39. a3 Kd6 40. Ne2 a5 41. Rf1 Ke6 42. a4 Rf8 43. Rf2 Rb8 44. Nc1 Rg8 45. Ne2 dxe4 46. Kxe4 Rd8 47. f4 Bg6+ 48. f5+ 1-0